| Tag |
First Indicator |
Second Indicator |
Subfields |
| LEADER |
00000cam a2200000 a 4500 |
| 001 |
in00000072804 |
| 005 |
20190207093451.0 |
| 008 |
811016s1980 txuac b 00100 eng |
| 010 |
|
|
|a 81173695
|
| 020 |
|
|
|a 0890152640
|
| 035 |
|
|
|a (OCoLC)07946818
|
| 035 |
|
|
|9 AAJ1225AM
|
| 039 |
0 |
|
|a 2
|b 3
|c 3
|d 3
|e 3
|
| 040 |
|
|
|a DLC
|c DLC
|d TXA
|d UtOrBLW
|
| 043 |
|
|
|a n-us-tx
|
| 049 |
|
|
|a TXAS
|c [1422210]
|
| 050 |
0 |
0 |
|a F394.N32
|b N3
|
| 082 |
0 |
|
|a 976.4/182
|2 19
|
| 245 |
0 |
0 |
|a Nacogdoches, wilderness outpost to modern city, 1779-1979 /
|c compiled by Archie P. McDonald ; with essays by James E. Corbin [and others].
|
| 250 |
|
|
|a 1st ed.
|
| 264 |
|
1 |
|a Burnet, Tex. :
|b Eakin Press,
|c [1980]
|
| 264 |
|
4 |
|c ©1980
|
| 300 |
|
|
|a vi, 150 pages :
|b illustrations, portraits ;
|c 23 cm.
|
| 336 |
|
|
|a text
|b txt
|2 rdacontent
|
| 337 |
|
|
|a unmediated
|b n
|2 rdamedia
|
| 338 |
|
|
|a volume
|b nc
|2 rdacarrier
|
| 500 |
|
|
|a The Cushing Library/Chapman Texas Collection copy is part of the Floyd & Louise Chapman Texas & Borderlands Collection.
|5 TXA
|
| 504 |
|
|
|a Includes bibliographical references and index.
|
| 651 |
|
0 |
|a Nacogdoches (Tex.)
|x History.
|
| 700 |
1 |
|
|a McDonald, Archie P.
|
| 700 |
1 |
|
|a Corbin, James E.
|
| 999 |
|
|
|a MARS
|
| 999 |
f |
f |
|s 4917bb8d-f5bb-3685-9f39-296c6b60dc5d
|i 922e2ad9-7455-3117-843a-f97c653c8a46
|t 0
|
| 952 |
f |
f |
|p ric
|a Texas A&M University
|b Rellis Campus
|c Joint Library Facility
|d Remote Storage
|t 0
|e F394.N32 N3
|h Library of Congress classification
|i unmediated -- volume
|m A14805964400
|
| 952 |
f |
f |
|p noncirc
|a Texas A&M University
|b College Station
|c Cushing Memorial Library & Archives
|d Cushing: Chapman Texas Collection (Does not check out)
|t 0
|e F394.N32 N3
|h Library of Congress classification
|i unmediated -- volume
|m A14806065877
|
| 998 |
f |
f |
|a F394.N32 N3
|t 0
|l Cushing: Chapman Texas Collection (Does not check out)
|
| 998 |
f |
f |
|a F394.N32 N3
|t 0
|l Remote Storage
|